CT AND MRI PROTOCOL (Record no. 615)

MARC details
000 -LEADER
fixed length control field 00322nam a2200133Ia 4500
008 - FIXED-LENGTH DATA ELEMENTS--GENERAL INFORMATION
fixed length control field 150201s2006 xx 000 0 und d
082 ## - DEWEY DECIMAL CLASSIFICATION NUMBER
Classification number 616.1
Item number C06B
100 ## - MAIN ENTRY--PERSONAL NAME
Personal name BHARGAVA,SATISH
245 ## - TITLE STATEMENT
Title CT AND MRI PROTOCOL
250 ## - EDITION STATEMENT
Edition statement 1ST
260 ## - PUBLICATION, DISTRIBUTION, ETC. (IMPRINT)
Name of publisher, distributor, etc. PEEPEE
Place of publication, distribution, etc. DELHI
Date of publication, distribution, etc. 2006
650 ## - SUBJECT ADDED ENTRY--TOPICAL TERM
Topical term or geographic name as entry element RADIOLOGY & DIAGNOSIS
942 ## - ADDED ENTRY ELEMENTS (KOHA)
Source of classification or shelving scheme Dewey Decimal Classification
Koha item type Books
Koha issues (borrowed), all copies 39
Holdings
Withdrawn status Lost status Source of classification or shelving scheme Damaged status Not for loan Collection code Home library Current library Shelving location Date acquired Source of acquisition Cost, normal purchase price SGTU Total Checkouts Full call number Barcode Date last seen Date last checked out Bill Date Koha item type
    Dewey Decimal Classification     MEDICAL SGT Medical Library SGT Medical Library Text Book 26/02/2010 U.B.S. DELHI 175.00 SGTU 4 616.1 C06B FM2791 23/06/2017 15/06/2017 26/02/2010 Books
    Dewey Decimal Classification     MEDICAL SGT Medical Library SGT Medical Library Text Book 26/02/2010 U.B.S. DELHI 175.00 SGTU 3 616.1 C06B FM2792 13/05/2017 06/05/2017 26/02/2010 Books
    Dewey Decimal Classification     MEDICAL SGT Medical Library SGT Medical Library Text Book 26/02/2010 U.B.S. DELHI 175.00 SGTU 39 616.1 C06B FM2793 23/09/2024 23/09/2024 26/02/2010 Books
Withdrawn   Dewey Decimal Classification     MEDICAL SGT Medical Library SGT Medical Library Text Book 26/02/2010 U.B.S. DELHI 175.00 SGTU   616.1 C06B FM2794 17/08/2017   26/02/2010 Books
    Dewey Decimal Classification     MEDICAL SGT Medical Library SGT Medical Library Text Book 26/02/2010 U.B.S. DELHI 175.00 SGTU 30 616.1 C06B FM2795 07/01/2026 09/12/2025 26/02/2010 Books